| 000 | 00747nam a22002051 4500 | ||
|---|---|---|---|
| 001 | pa 68000100 | ||
| 003 | DLC | ||
| 005 | 20260227111857.0 | ||
| 008 | 710901s1959 dcuf 00000 eng c | ||
| 010 | _apa 68000100 | ||
| 040 | _aPan American Union. Library | ||
| 043 | _acl----- | ||
| 110 | 2 | 0 |
_aPan American Union. _bDivision of Visual Arts. |
| 245 | 0 | 0 | _aHighlights of Latin American art, 2. |
| 260 | 0 |
_aWashington, _bPan American Union, _c1959. |
|
| 300 |
_a24 plates (in portfolio) _c36 cm. |
||
| 500 | _aA continuation of Highlights of Latin American art, published in 1955 by the Union's Visual Arts Section. | ||
| 650 | 0 | _aArt, Latin American. | |
| 710 | 2 | 1 |
_aPan American Union. _bVisual Arts Section. _tHighlights of Latin American art. |
| 999 |
_c51627 _d51627 |
||